Money Heist Cities - Statistics

General Stats
  • This quiz has been taken 149 times
  • The average score is 15 of 18
Answer Stats
City Country % Correct
Berlin Germany
98%
Tokyo Japan
98%
Moscow Russia
98%
Rio de Janeiro Brazil
93%
Salvador Brazil
93%
Vitoria Brazil
93%
Lisbon Portugal
92%
Oslo Norway
88%
Palermo Italy
86%
Cincinatti United States of America
86%
Denver United States of America
86%
Marsielle France
85%
Stolkholm Sweden
85%
Helsinki Finland
84%
Bogota Colombia
73%
Nairobi Kenya
70%
Santiago Chile
68%
Manila Phillipines
44%
No matching quizzes found
Score Distribution
Percent of People with Each Score
Percentile by Number Answered
Your Score History
You have not taken this quiz